The Levellers: los debates de Putney. En las raíces de la democracia moderna
Uloženo v:
| Hlavní autor: | |
|---|---|
| Médium: | Kniha |
| Jazyk: | španělština |
| Vydáno: |
Madrid
Capitán Swing Libros
2010
|
| Vydání: | 1a. ed |
| Edice: | Colección Historia Profana, 004
|
| Témata: | |
| Tagy: |
Přidat tag
Žádné tagy, Buďte první, kdo vytvoří štítek k tomuto záznamu!
|
MARC
| LEADER | 00000cam a2200000 a 4500 | ||
|---|---|---|---|
| 001 | UCG8184 | ||
| 003 | CL-VaPUC | ||
| 008 | 111124e20101000SP |||||||||||||||||spa|d | ||
| 020 | |a 9788493770907 | ||
| 082 | 0 | 4 | |a 941.061 |b REV |2 21 |
| 100 | 0 | |a Revelli, Marco |e author |9 559096 | |
| 245 | 1 | 4 | |a The Levellers: los debates de Putney. En las raíces de la democracia moderna |
| 250 | |a 1a. ed | ||
| 300 | |a 303 p | ||
| 942 | |c BK | ||
| 945 | |d 20111124 00:00:00 |a dcastane | ||
| 260 | |a Madrid |b Capitán Swing Libros |c 2010 | ||
| 650 | 7 | |a HISTORIA DE INGLATERRA SIGLO 17 |2 CL-VaPUC |9 559097 | |
| 650 | 0 | |a Democracia |9 255256 | |
| 583 | |a last modification |c 20111124 10:35:00 |k Rodrigo Vera | ||
| 490 | 0 | |a Colección Historia Profana, 004 | |
| 999 | |c 345813 |d 345811 | ||
| 952 | |0 0 |1 0 |4 0 |6 941_061000000000000_REV_2010 |7 0 |8 A |9 446095 |a BIBHIS |b BIBHIS |d 2019-11-22 |i 4806166 |o 941.061 REV 2010 |p 4806166 |r 2025-01-20 |w 2019-11-22 |y BK |k HIS | ||